000 00417nam a2200181Ia 4500
001 22247
005 20260414150818.0
008 260414t2003||||xx |||||||||||||| ||spa||
041 _aESP
082 _a621.3
_bD92
100 _aDorf, Richard C.
_eAUT
245 0 _aCircuitos eléctricos
_b
260 _c2003
300 _a864 páginas :
_c25 cm.
650 _aTCA
654 _aCET
942 _cLIB
_dJUS
_fJUS
_2ddc
_n
999 _c22247
_d22247